书目信息 |
| 题名: |
植物细胞组织培养
|
|
| 作者: | 刘庆昌 , 吴国良 主编 | |
| 分册: | ||
| 出版信息: | 北京 中国农业大学出版社 2003 |
|
| 页数: | 324页 | |
| 开本: | 23cm | |
| 丛书名: | ||
| 单 册: | ||
| 中图分类: | Q943.1 | |
| 科图分类: | ||
| 主题词: | 植物--细胞培养--组织培养--高等学校--教材 | |
| 电子资源: | ||
| ISBN: | 7-81066-529-4 | |
| 000 | 00955nam0 2200277---450- | |
| 001 | 0100895222 | |
| 005 | 20040929150723.0 | |
| 010 | @a7-81066-529-4@dCNY25.00 | |
| 011 | @a7-81066-529-4 | |
| 100 | @a20031203d2003 em y0chiy0120 ea | |
| 101 | 0 | @achi |
| 102 | @aCN@b110000 | |
| 105 | @ay---z---000yy | |
| 106 | @ar | |
| 200 | 1 | @a植物细胞组织培养@9Zhi Wu Xi Bao Zu Zhi Pei Yang @f刘庆昌,吴国良主编@b专著 |
| 210 | @a北京@c中国农业大学出版社@d2003 | |
| 215 | @a324页@d23cm | |
| 300 | @a面向21世纪课程教材 | |
| 330 | @a该教材共分为12章,分别讨论了植物细胞组织培养的基本技术、植物组织器官培养、单倍体细胞培养、细胞培养、体细胞杂交等内容。 | |
| 510 | 1 | @aPlant Cell and Tissue Culture@zeng |
| 606 | 0 | @a植物@x细胞培养@x组织培养@x高等学校@j教材 |
| 690 | @aQ943.1@v4 | |
| 701 | 0 | @a刘庆昌@f(1963.8~)@4主编@9liu qing chang |
| 701 | 0 | @a吴国良@f(1958~)@4主编@9wu guo liang |
| 801 | 0 | @aCN@bAZmarc@c20230831 |
| 905 | @aBZT@dQ943.1@e7@f5@sQ943.1/7 | |
| 植物细胞组织培养/刘庆昌,吴国良主编.-北京:中国农业大学出版社,2003 |
| 324页;23cm |
| 面向21世纪课程教材 |
| ISBN 7-81066-529-4:CNY25.00 |
| 该教材共分为12章,分别讨论了植物细胞组织培养的基本技术、植物组织器官培养、单倍体细胞培养、细胞培养、体细胞杂交等内容。 |
| ● |
| 相关链接 |
|
|
|
正题名:植物细胞组织培养
索取号:Q943.1/7
 
预约/预借
| 序号 | 登录号 | 条形码 | 馆藏地/架位号 | 状态 | 备注 |
| 1 | 2000022410 | 2000022410 | 旧书回溯/ [索取号:Q943.1/7] | 在馆 | |
| 2 | 2000022411 | 2000022411 | 旧书回溯/ [索取号:Q943.1/7] | 在馆 | |
| 3 | 2000022412 | 2000022412 | 旧书回溯/ [索取号:Q943.1/7] | 在馆 | |
| 4 | 2000047793 | 2000047793 | 旧书回溯/ [索取号:Q943.1/7] | 在馆 | |
| 5 | 2000066045 | 2000066045 | 旧书回溯/ [索取号:Q943.1/7] | 在馆 |